| 000 | 00704nam a2200217Ia 4500 | ||
|---|---|---|---|
| 005 | 20240926134407.0 | ||
| 008 | 210716s2007 xx 000 0 und d | ||
| 020 | _a9780195681529 | ||
| 040 | _cAIMIT LIBRARY | ||
| 041 | _aeng | ||
| 082 |
_a005.13311 _21 _bSAHS |
||
| 100 |
_aSahay, Sourav. _9180352 |
||
| 245 |
_aObject oriented programming with c++ / _cBy Sourav Sahay. |
||
| 250 | _a1st ed. | ||
| 260 |
_aNew Delhi : _bOxford University Press ; _c2007. |
||
| 300 |
_avii,479p. ; _bPB _c24cm. |
||
| 650 |
_aDynamic memory management _9180353 |
||
| 650 |
_aConstructors and destructors _9180354 |
||
| 650 |
_aobject oriented analysis and design _9180355 |
||
| 942 |
_2ddc _cBK _e1st ed. _k005.13311 SAHS |
||
| 999 |
_c191096 _d191096 |
||